Normal view
MARC view
- Fousiya
Entry Personal Name
001 - CONTROL NUMBER
- control field: 4796
003 - CONTROL NUMBER IDENTIFIER
- control field: OSt
005 - DATE AND TIME OF LATEST TRANSACTION
- control field: 20201230140451.0
008 - FIXED-LENGTH DATA ELEMENTS
- fixed length control field: 201230|| aca||aabn | a|a d
040 ## - CATALOGING SOURCE
- Original cataloging agency: OSt
- Transcribing agency: OSt
100 ## - HEADING--PERSONAL NAME
- Personal name: Fousiya
670 ## - SOURCE DATA FOUND
- Source citation: Work cat.: (OSt): Fousiya, Modelling the impact of conservation structures and climate change of water yield in a watershed, 2020
